000 01256nam a2200325 a 4500
001 000112316
003 CHAP
005 20230911124125.0
008 160301s2016 mx a fsm |||||||spa d
010 _a108777
011 _a109749
040 _cCHAP
090 _aTesis
100 1 _aLópez García, Raúl
_9126199
245 1 0 _aDependencia entre rendimiento de fruto y atributos físicos de cladodios de frutificacion en Opuntia ficus-indica (L.) Miller variedad 'Rojo Pelón' /
_h[En línea]
_cpor Raúl López García.
260 _aBermejillo, Dgo. :
_bEl autor,
_c2016.
500 _aPara ver el contenido del material haga clic en la liga
502 _aTesis (M.C. en Recursos Naturales y Medio Ambiente en Zonas Áreidas) -- UACH. Unidad Regional Universitaria de Zonas Áreidas
590 _aE5995AHE
_b05
_c20160301
_lUCH01
_h1405
590 _aE5995AHE
_b05
_c20160301
_lUCH01
_h1405
590 _aE5995AHE
_b05
_c20160302
_lUCH01
_h1350
650 1 7 _aOpuntia ficus-indica
_2
_983389
650 1 4 _aPlantas
_xEfecto de la humedad.
_988816
650 1 4 _aPoda.
_989467
650 1 4 _aTuna
_xRendimiento.
_9115562
856 _aFinding aid
_uhttp://10.13.5.2/tesis/sist112316.pdf
_zTeclea aquí
901 _aBK
942 _cTESIS
942 _n0
999 _c108777
_d108777